MARC

LEADER 00000nam0a2200000 4500
001 288111
005 20231102000045.0
020 |a RU  |b 85-21212 
035 |a (RuTPU)RU\TPU\book\312559 
090 |a 288111 
100 |a 20150321d1985 m y0rusy5003 ca 
101 0 |a rus 
102 |a RU 
105 |a y z 001zy 
200 1 |a Запрещение оружия массового уничтожения : международно-правовые проблемы  |f О. В. Богданов  |g Академия наук СССР (АН СССР), Институт государства и права (ИГП) 
210 |a Москва  |c Международные отношения  |d 1985 
215 |a 182 с. 
606 1 |a Разоружение  |x Международные отношения  |2 stltpush  |3 (RuTPU)RU\TPU\subj\23632  |9 48187 
606 1 |a Мирное сосуществование  |x Правовые основы  |2 stltpush  |3 (RuTPU)RU\TPU\subj\44087  |9 63461 
610 1 |a международное положение 
610 1 |a коллективная безопасность 
610 1 |a оружие массового уничтожения 
610 1 |a международное право 
610 1 |a ядерное разоружение 
610 1 |a средства массового поражения 
610 1 |a СССР 
686 |a Ф4(0)32  |2 rubbk 
686 |a Х918  |2 rubbk 
700 1 |a Богданов  |b О. В.  |g Олег Васильевич 
712 0 2 |a Академия наук СССР (АН СССР)  |b Институт государства и права (ИГП)  |c (Москва)  |2 stltpush  |3 (RuTPU)RU\TPU\col\11358 
801 0 |a RU  |b RuMRKP  |c 19950704  |g psbo 
801 1 |a RU  |b 63413507  |c 20150321 
801 2 |a RU  |b 63413507  |c 20171117  |g RCR 
942 |c BK